Modifikované tuky pre výrobky mäsového priemyslu
Enregistré dans:
| Auteur principal: | |
|---|---|
| Autres auteurs: | , |
| Format: | Chapitre de livre |
| Langue: | slovaque |
| Tags: |
Pas de tags, Soyez le premier à ajouter un tag!
|
MARC
| LEADER | 00000naa$a2200000$$$4500 | ||
|---|---|---|---|
| 001 | 0144123 | ||
| 005 | 20240502072601.5 | ||
| 041 | 0 | |a slo | |
| 044 | |a SK | ||
| 245 | 1 | 0 | |a Modifikované tuky pre výrobky mäsového priemyslu |c J. Hojerová, A. Wunderová, Alica Lacková |
| 100 | 1 | |a Hojerová, J. | |
| 700 | 1 | |a Wunderová, A. | |
| 700 | 1 | |a Lacková, Alica | |